New media and online journalism: (Record no. 180495)

MARC details
000 -LEADER
fixed length control field 00619nam a22001937a 4500
005 - DATE AND TIME OF LATEST TRANSACTION
control field 20210810144612.0
010 ## - LCCN (DPL NO)
LC control number ENG-129736
020 ## - INTERNATIONAL STANDARD BOOK NUMBER
International Standard Book Number 9789354491160
Terms of availability 450.00
035 ## - SYSTEM CONTROL NUMBER
System control number EN-113268
037 ## - SOURCE OF ACQUISITION
Source of stock number/acquisition DBAD/PUB
082 ## - DEWEY DECIMAL CLASSIFICATION NUMBER
Classification number 070.4
100 ## - MAIN ENTRY--PERSONAL NAME
Personal name Chawla, Abhay
245 ## - TITLE STATEMENT
Title New media and online journalism:
Remainder of title handbook for media studies /
Statement of responsibility, etc by Abhay Chawla
260 ## - PUBLICATION, DISTRIBUTION, ETC. (IMPRINT)
Place of publication, distribution, etc Noida
Name of publisher, distributor, etc Pearson
Date of publication, distribution, etc 2021
270 ## - ADDRESS
Address 15th Floor, Tower-B, World Trade Tower, Plot No.1, Block-C, Sector-16
City Noida
Postal code 201301
300 ## - PHYSICAL DESCRIPTION
Extent xi, 352p.:
Dimensions 22cm(pbk)
Other physical details ill.
500 ## - GENERAL NOTE
General note include index
942 ## - ADDED ENTRY ELEMENTS (KOHA)
Source of classification or shelving scheme Dewey Decimal Classification
Item type English Books
Classification part 070.4
Call number suffix CHA
Holdings
Withdrawn status Lost status Not for loan Collection code Home library Current library Date acquired Source of acquisition Cost, normal purchase price Full call number Barcode Copy number Cost, replacement price Koha item type
      Non-fiction Patel Nagar Patel Nagar 10/08/2021 DBAD/PUB 450.00 070.4 CHA EN-113268 1 450.00 English Books

© Delhi Public Library
Hit Counter
free hit counter